El consejo psicológico en los momentos cruciales de la vida / (Record no. 87625)

MARC details
000 -LEADER
campo de control de longitud fija 00966nam a2200253 i 4500
001 - NÚMERO DE CONTROL
campo de control 87625
003 - IDENTIFICADOR DE NÚMERO DE CONTROL
campo de control ES-MaACL
005 - FECHA Y HORA DE LA ÚLTIMA TRANSACCIÓN
campo de control 20250727030120.0
007 - CAMPO FIJO DE DESCRIPCIÓN FÍSICA--INFORMACIÓN GENERAL
campo de control de longitud fija t|
008 - DATOS DE LONGITUD FIJA--INFORMACIÓN GENERAL
campo de control de longitud fija 041222s1950 sp ||||1| spa d
100 1# - ENTRADA PRINCIPAL--NOMBRE DE PERSONA
Nombre de persona Künkel, Fritz.
9 (RLIN) 69027
245 13 - MENCIÓN DEL TÍTULO
Título El consejo psicológico en los momentos cruciales de la vida /
Mención de responsabilidad, etc. Fritz Künkel y Ruth Gardner ; traducción del inglés por Mercedes Miracle Arola ; revisión por Fermín Fernández ; con un estudio preliminar por Ramón Sarró.
250 ## - MENCION DE EDICION
Mención de edición [1ª ed.].
260 ## - PUBLICACIÓN, DISTRIBUCIÓN, ETC.
Lugar de publicación, distribución, etc. Barcelona :
Nombre del editor, distribuidor, etc. Luis Miracle,
Fecha de publicación, distribución, etc. [1950] (
Fabricante Agustín Núñez)
300 ## - DESCRIPCIÓN FÍSICA
Extensión 399 p. :
Otras características físicas il. ;
Dimensiones 22 cm.
490 1# - MENCIÓN DE SERIE
Mención de serie Biblioteca de antropología ;
Designación de volumen o secuencia 6
700 1# - ENTRADA AGREGADA--NOMBRE PERSONAL
Nombre de persona Gardner, Ruth.
9 (RLIN) 55518
700 1# - ENTRADA AGREGADA--NOMBRE PERSONAL
Nombre de persona Miracle Arola, Mercedes.
9 (RLIN) 81474
700 1# - ENTRADA AGREGADA--NOMBRE PERSONAL
Nombre de persona Fernandez, Fermín.
9 (RLIN) 49360
700 1# - ENTRADA AGREGADA--NOMBRE PERSONAL
Nombre de persona Sarró, Ramón.
9 (RLIN) 103872
830 0# - PUNTO DE ACCESO ADICIONAL DE SERIE-TÍTULO UNIFORME
Título uniforme Biblioteca de antropología
Designación de volumen o secuencia 6
9 (RLIN) 180743
852 ## - LOCALIZACIÓN
Ubicación ES-MaACL
Número de control de estantería D-5864
Sublocalización o colección R.31539
Holdings
Estatus retirado Estado de pérdida Estado de daño No para préstamo Biblioteca de origen Biblioteca actual Ubicación en estantería Fecha de adquisición Fuente de adquisición Total de préstamos Signatura topográfica completa Código de barras Visto por última vez Precio de reemplazo Tipo de ítem Koha
        Biblioteca del Ateneo de Madrid Biblioteca del Ateneo de Madrid Sala Valle Inclán 17/01/2008     D-5864 901091542 23/02/2023 23/02/2023 Libro impreso